000 00353pab a2200157 454500
008 180718b2009 xxu||||| |||| 00| 0 eng d
100 _aSawant, P.B.
245 _aNeed for a new economic system
260 _c2009
300 _ap.3-4, 17.
362 _a3 Oct
650 _aEconomic systems
773 _aMainstream
908 _aN
909 _a84003
999 _c84003
_d84003